[Event "SM-gruppen"]
[Site "Örebro"]
[Date "2013.07.11"]
[Round "6"]
[White "Tikkanen, Hans"]
[Black "Hector, Jonny"]
[Result "1/2-1/2"]
[BlackElo "2509"]
[WhiteElo "2528"]

1. d4 {[%clk 1:30:57]} d5 {[%clk 1:30:57]} 2. c4 {[%clk 1:31:20]} c6
{[%clk 1:30:34]} 3. Nf3 {[%clk 1:31:48]} Nf6 {[%clk 1:30:52]} 4. Nc3
{[%clk 1:32:12]} dxc4 {[%clk 1:31:07]} 5. a4 {[%clk 1:32:29]} Bf5
{[%clk 1:31:29]} 6. Ne5 {[%clk 1:32:40]} Nbd7 {[%clk 1:29:15]} 7. Nxc4
{[%clk 1:32:40]} Qc7 {[%clk 1:29:17]} 8. g3 {[%clk 1:32:58]} e5 {[%clk 1:29:43]}
9. dxe5 {[%clk 1:33:16]} Nxe5 {[%clk 1:30:01]} 10. Bf4 {[%clk 1:33:38]} Nfd7
{[%clk 1:30:08]} 11. Bg2 {[%clk 1:33:38]} f6 {[%clk 1:29:24]} 12. O-O
{[%clk 1:27:47]} g5 {[%clk 1:28:41]} 13. Bxe5 {[%clk 1:17:09]} Nxe5
{[%clk 1:27:55]} 14. Ne3 {[%clk 1:14:13]} Be6 {[%clk 1:25:28]} 15. a5
{[%clk 1:03:27]} a6 {[%clk 1:14:18]} 16. Qa4 {[%clk 0:57:55]} O-O-O
{[%clk 1:12:34]} 17. Rfc1 {[%clk 0:40:36]} Qf7 {[%clk 1:04:43]} 18. Qe4
{[%clk 0:39:41]} Bc5 {[%clk 1:01:07]} 19. Na4 {[%clk 0:37:20]} Rd4
{[%clk 0:59:02]} 20. Qc2 {[%clk 0:36:09]} Bb4 {[%clk 0:55:12]} 21. Nc5
{[%clk 0:36:18]} Rhd8 {[%clk 0:45:51]} 22. Nxe6 {[%clk 0:35:24]} Qxe6
{[%clk 0:46:08]} 23. b3 {[%clk 0:34:24]} Bd2 {[%clk 0:43:29]} 24. Nf5
{[%clk 0:34:04]} Bxc1 {[%clk 0:41:10]} 25. Nxd4 {[%clk 0:34:30]} Rxd4
{[%clk 0:41:19]} 26. Rxc1 {[%clk 0:34:55]} h5 {[%clk 0:35:36]} 27. Rd1
{[%clk 0:25:09]} Qd7 {[%clk 0:29:15]} 28. Rxd4 {[%clk 0:24:58]} Qxd4
{[%clk 0:29:39]} 29. Qh7 {[%clk 0:19:59]} Ng4 {[%clk 0:19:38]} 30. Qf5+
{[%clk 0:16:40]} Kc7 {[%clk 0:14:30]} 31. h3 {[%clk 0:16:21]} Ne5
{[%clk 0:14:30]} 32. Qxf6 {[%clk 0:16:21]} Qa1+ {[%clk 0:14:30]} 33. Bf1
{[%clk 0:16:21]} Qxa5 {[%clk 0:14:30]} 34. b4 {[%clk 0:16:21]} Nd7
{[%clk 0:14:30]} 35. Qxc6+ {[%clk 0:04:27]} Kxc6 {[%clk 0:12:47]} 36. bxa5
{[%clk 0:04:55]} Kb5 {[%clk 0:07:17]} 37. Bg2 {[%clk 0:05:19]} Nc5
{[%clk 0:07:19]} 38. f4 {[%clk 0:05:25]} gxf4 {[%clk 0:07:00]} 39. g4 hxg4
{[%clk 0:06:11]} 40. hxg4 {[%clk 0:33:20]} Kxa5 {[%clk 0:32:33]} 41. Bd5
{[%clk 0:32:35]} Kb4 {[%clk 0:27:12]} 42. g5 {[%clk 0:28:04]} b5 {[%clk 0:27:21]}
43. g6 {[%clk 0:20:21]} Nd7 {[%clk 0:27:39]} 44. g7 {[%clk 0:20:45]} Nf6
{[%clk 0:28:04]} 45. Kf2 {[%clk 0:19:34]} Kc3 {[%clk 0:27:54]} 46. Kf3
{[%clk 0:19:19]} b4 {[%clk 0:27:22]} 47. g8=Q {[%clk 0:17:19]} Nxg8
{[%clk 0:27:44]} 48. Bxg8 {[%clk 0:17:47]} a5 {[%clk 0:25:58]} 49. Kxf4
{[%clk 0:17:35]} a4 {[%clk 0:24:11]} 50. e4 {[%clk 0:17:47]} a3 {[%clk 0:23:53]}
51. e5 {[%clk 0:18:00]} b3 {[%clk 0:24:13]} 52. Bxb3 {[%clk 0:17:37]} Kxb3
1/2-1/2

[Event "SM-gruppen"]
[Site "Örebro"]
[Date "2013.07.11"]
[Round "6"]
[White "Lindberg, Bengt"]
[Black "Carlsson, Pontus"]
[Result "1/2-1/2"]
[BlackElo "2516"]
[WhiteElo "2410"]

1. e4 {[%clk 1:30:35]} c6 {[%clk 1:30:13]} 2. d4 {[%clk 1:30:02]} d5
{[%clk 1:30:38]} 3. exd5 {[%clk 1:27:36]} cxd5 {[%clk 1:30:56]} 4. Bd3
{[%clk 1:28:01]} Nc6 {[%clk 1:31:22]} 5. c3 {[%clk 1:28:24]} Qc7 {[%clk 1:31:50]}
6. Ne2 {[%clk 1:27:50]} Bg4 {[%clk 1:31:04]} 7. f3 {[%clk 1:26:16]} Bd7
{[%clk 1:31:25]} 8. f4 {[%clk 1:16:40]} e6 {[%clk 1:16:07]} 9. Nd2
{[%clk 1:09:38]} f5 {[%clk 1:08:21]} 10. Nf3 {[%clk 1:06:36]} Nf6
{[%clk 1:07:56]} 11. Ne5 {[%clk 1:06:37]} Be7 {[%clk 1:00:43]} 12. Be3
{[%clk 1:05:19]} O-O {[%clk 0:49:26]} 13. O-O {[%clk 0:56:40]} a6
{[%clk 0:41:41]} 14. Rc1 {[%clk 0:55:29]} b5 {[%clk 0:33:36]} 15. b3
{[%clk 0:50:04]} Qa7 {[%clk 0:28:08]} 16. Kh1 {[%clk 0:45:07]} Rac8
{[%clk 0:25:44]} 17. Bg1 {[%clk 0:39:42]} Qb7 {[%clk 0:24:53]} 18. Qe1
{[%clk 0:30:01]} Ne4 {[%clk 0:23:56]} 19. Be3 {[%clk 0:27:50]} Kh8
{[%clk 0:17:31]} 20. h3 {[%clk 0:22:47]} Nxe5 {[%clk 0:16:53]} 21. dxe5
{[%clk 0:21:40]} b4 {[%clk 0:12:53]} 22. Bxe4 {[%clk 0:16:13]} fxe4
{[%clk 0:11:35]} 23. c4 {[%clk 0:16:37]} dxc4 {[%clk 0:10:47]} 24. bxc4
{[%clk 0:17:02]} a5 {[%clk 0:09:06]} 25. Nd4 {[%clk 0:15:31]} a4 {[%clk 0:06:10]}
26. f5 {[%clk 0:14:03]} exf5 {[%clk 0:05:49]} 27. e6 {[%clk 0:14:26]} Be8
{[%clk 0:06:03]} 28. Rxf5 {[%clk 0:11:36]} Rxf5 {[%clk 0:06:14]} 29. Nxf5
{[%clk 0:12:03]} Bg6 {[%clk 0:06:39]} 30. Nxe7 {[%clk 0:07:52]} Qxe7
{[%clk 0:07:08]} 31. Qd1 {[%clk 0:07:53]} Be8 {[%clk 0:04:20]} 32. Qd5
{[%clk 0:07:22]} Rc6 {[%clk 0:03:36]} 33. Rf1 {[%clk 0:03:24]} h6
{[%clk 0:02:16]} 34. Qxe4 {[%clk 0:01:15]} Rxe6 {[%clk 0:02:35]} 35. Rf8+
{[%clk 0:01:35]} Qxf8 {[%clk 0:03:03]} 36. Qxe6 {[%clk 0:01:57]} b3
{[%clk 0:00:51]} 37. axb3 {[%clk 0:01:40]} axb3 {[%clk 0:01:02]} 38. Qb6
{[%clk 0:00:35]} Qf1+ {[%clk 0:00:48]} 39. Kh2 {[%clk 0:01:04]} Qxc4
{[%clk 0:00:45]} 40. Bd4 {[%clk 0:31:01]} Kh7 {[%clk 0:30:41]} 41. Qd6
{[%clk 0:29:05]} Bc6 {[%clk 0:16:08]} 42. Qe5 {[%clk 0:27:36]} Qf7
{[%clk 0:16:30]} 43. Qg3 {[%clk 0:20:21]} Be4 {[%clk 0:16:26]} 44. Bb2
{[%clk 0:17:04]} Bc2 {[%clk 0:12:04]} 45. Bc3 {[%clk 0:15:03]} Bb1
{[%clk 0:11:47]} 46. Bb2 {[%clk 0:15:12]} Be4 {[%clk 0:12:13]} 47. Be5
{[%clk 0:14:00]} Kg8 {[%clk 0:08:02]} 48. Bb2 {[%clk 0:13:27]} Qb7
{[%clk 0:07:24]} 49. h4 {[%clk 0:10:32]} Kh7 {[%clk 0:06:15]} 50. Kh1
{[%clk 0:09:13]} Bg6 {[%clk 0:05:05]} 51. Kh2 {[%clk 0:08:43]} Bc2
{[%clk 0:04:07]} 52. Qe5 {[%clk 0:08:09]} Be4 {[%clk 0:04:07]} 53. Qg3
{[%clk 0:08:09]} Qf7 {[%clk 0:04:00]} 54. Bc3 {[%clk 0:07:17]} Qe7
{[%clk 0:02:36]} 55. Bb2 {[%clk 0:06:50]} Qb7 {[%clk 0:01:03]} 56. Kh1
{[%clk 0:06:29]} Bf5 {[%clk 0:00:57]} 57. Kh2 {[%clk 0:06:46]} Qf7
{[%clk 0:01:03]} 58. Bc3 {[%clk 0:06:11]} Bb1 {[%clk 0:01:23]} 59. Bb2
{[%clk 0:06:15]} Be4 {[%clk 0:01:49]} 60. Bc3 {[%clk 0:06:28]} Bg6
{[%clk 0:01:32]} 61. Qe5 {[%clk 0:06:09]} Bf5 {[%clk 0:01:07]} 62. Qg3
{[%clk 0:06:09]} Be4 {[%clk 0:01:08]} 63. Bb2 {[%clk 0:06:20]} Qe7
{[%clk 0:00:47]} 64. Kh1 {[%clk 0:06:06]} Qf7 {[%clk 0:00:34]} 65. Kh2
{[%clk 0:06:27]} Bd5 {[%clk 0:00:40]} 66. Qd3+ {[%clk 0:05:53]} Kg8
{[%clk 0:01:04]} 67. Qg3 {[%clk 0:06:17]} Kh8 {[%clk 0:00:56]} 68. Bc3
{[%clk 0:05:24]} Kg8 {[%clk 0:01:05]} 69. Bb2 {[%clk 0:05:44]} Qe7
{[%clk 0:01:18]} 70. Bc3 {[%clk 0:05:31]} Bxg2 {[%clk 0:00:33]} 71. Bxg7
{[%clk 0:01:56]} Qxg7 {[%clk 0:00:36]} 72. Qxb3+ {[%clk 0:02:19]} Kh8
{[%clk 0:00:42]} 73. Qb8+ {[%clk 0:02:40]} Kh7 {[%clk 0:00:48]} 74. Qb1+
{[%clk 0:03:03]} Kh8 {[%clk 0:00:46]} 75. Qb8+ {[%clk 0:03:27]} Kh7
{[%clk 0:00:48]} 76. Qb1+ {[%clk 0:03:49]} Qg6 {[%clk 0:00:47]} 77. Qxg6+
{[%clk 0:04:06]} Kxg6 1/2-1/2

[Event "SM-gruppen"]
[Site "Örebro"]
[Date "2013.07.12"]
[Round "7"]
[White "Hillarp Persson, Tiger"]
[Black "Smith, Axel"]
[Result "1/2-1/2"]
[BlackElo "2461"]
[WhiteElo "2528"]

1. b3 {[%clk 1:28:11]} d5 {[%clk 1:29:52]} 2. Bb2 {[%clk 1:26:17]} c6
{[%clk 1:29:25]} 3. e3 {[%clk 1:25:13]} Nf6 {[%clk 1:29:29]} 4. Nf3
{[%clk 1:15:30]} g6 {[%clk 1:27:48]} 5. c4 {[%clk 1:13:45]} Bg7 {[%clk 1:28:00]}
6. h3 {[%clk 1:12:34]} O-O {[%clk 1:28:15]} 7. Be2 {[%clk 1:12:45]} b6
{[%clk 1:23:37]} 8. O-O {[%clk 1:11:38]} Bb7 {[%clk 1:23:59]} 9. Na3
{[%clk 0:47:18]} e6 {[%clk 1:23:07]} 10. Nc2 {[%clk 0:46:17]} Nbd7
{[%clk 1:20:02]} 11. b4 {[%clk 0:43:37]} c5 {[%clk 1:12:19]} 12. cxd5
{[%clk 0:37:20]} Nxd5 {[%clk 0:52:22]} 13. Bxg7 {[%clk 0:36:58]} Kxg7
{[%clk 0:52:50]} 14. Rb1 {[%clk 0:26:12]} Qe7 {[%clk 0:51:27]} 15. Qc1
{[%clk 0:24:54]} Rac8 {[%clk 0:48:35]} 16. bxc5 {[%clk 0:20:50]} Rxc5
{[%clk 0:43:28]} 17. Qb2+ {[%clk 0:19:46]} Kg8 {[%clk 0:43:53]} 18. Ncd4
{[%clk 0:14:07]} Rfc8 {[%clk 0:44:02]} 19. Rfc1 {[%clk 0:14:09]} Rxc1+
{[%clk 0:32:44]} 20. Rxc1 {[%clk 0:14:31]} Rxc1+ {[%clk 0:33:10]} 21. Qxc1
{[%clk 0:14:48]} Qc5 {[%clk 0:33:26]} 22. Qb2 {[%clk 0:10:59]} Nb4
{[%clk 0:25:54]} 23. a3 {[%clk 0:09:10]} Nc6 {[%clk 0:25:09]} 24. Nb5
{[%clk 0:04:45]} a6 {[%clk 0:19:02]} 25. d4 {[%clk 0:05:10]} Qe7 {[%clk 0:18:36]}
26. Nc3 {[%clk 0:05:38]} b5 {[%clk 0:16:40]} 27. Nd2 {[%clk 0:05:56]} Na5
{[%clk 0:12:11]} 28. a4 {[%clk 0:03:37]} b4 {[%clk 0:09:57]} 29. Na2
{[%clk 0:04:05]} Nc6 {[%clk 0:10:22]} 30. a5 {[%clk 0:04:24]} Qg5
{[%clk 0:09:26]} 31. Bf3 {[%clk 0:03:53]} Qxa5 {[%clk 0:09:42]} 32. Bxc6
{[%clk 0:04:11]} Bxc6 {[%clk 0:10:08]} 33. Nxb4 {[%clk 0:04:33]} Qb5
{[%clk 0:07:32]} 34. Qc3 {[%clk 0:04:21]} Bb7 {[%clk 0:07:44]} 35. Nd3
{[%clk 0:02:20]} a5 {[%clk 0:06:35]} 36. Nb3 {[%clk 0:02:11]} a4 {[%clk 0:05:29]}
37. Nbc5 {[%clk 0:02:29]} Nxc5 {[%clk 0:04:49]} 38. Nxc5 {[%clk 0:02:54]} Bc6
{[%clk 0:04:47]} 39. f3 {[%clk 0:01:15]} Qb1+ {[%clk 0:02:49]} 40. Kh2
{[%clk 0:31:36]} Qa2 {[%clk 0:30:52]} 41. Kg3 {[%clk 0:25:47]} Qb1
{[%clk 0:16:25]} 42. Nxe6 {[%clk 0:07:35]} fxe6 {[%clk 0:08:23]} 43. Qxc6
{[%clk 0:07:57]} Qb3 {[%clk 0:08:34]} 44. Qa8+ {[%clk 0:04:18]} Kf7
{[%clk 0:07:37]} 45. Qa7+ {[%clk 0:04:43]} Ke8 {[%clk 0:05:51]} 46. e4
{[%clk 0:03:39]} a3 {[%clk 0:06:20]} 47. d5 {[%clk 0:02:22]} exd5
{[%clk 0:06:49]} 48. exd5 {[%clk 0:02:43]} Qxd5 {[%clk 0:05:53]} 49. Qxa3
{[%clk 0:03:05]} Qg5+ {[%clk 0:05:49]} 50. Kh2 {[%clk 0:03:01]} Qe5+
{[%clk 0:06:01]} 51. Kg1 {[%clk 0:03:05]} Qe1+ {[%clk 0:06:10]} 52. Kh2
{[%clk 0:03:29]} Qe5+ {[%clk 0:06:33]} 53. Kg1 {[%clk 0:03:56]} 1/2-1/2

[Event "SM-gruppen"]
[Site "Örebro"]
[Date "2013.07.12"]
[Round "7"]
[White "Carlsson, Pontus"]
[Black "Grandelius, Nils"]
[Result "1/2-1/2"]
[BlackElo "2573"]
[WhiteElo "2516"]

1. e4 {[%clk 1:30:57]} e5 {[%clk 1:30:51]} 2. Nf3 {[%clk 1:31:14]} Nc6
{[%clk 1:31:16]} 3. d4 {[%clk 1:31:37]} exd4 {[%clk 1:31:38]} 4. Nxd4
{[%clk 1:32:04]} Nf6 {[%clk 1:31:33]} 5. Nc3 {[%clk 1:32:20]} Bb4
{[%clk 1:31:00]} 6. Nxc6 {[%clk 1:32:45]} bxc6 {[%clk 1:31:26]} 7. Bd3
{[%clk 1:33:11]} d5 {[%clk 1:31:22]} 8. exd5 {[%clk 1:33:36]} cxd5
{[%clk 1:31:47]} 9. O-O {[%clk 1:34:01]} O-O {[%clk 1:32:08]} 10. Qf3
{[%clk 1:28:10]} Re8 {[%clk 1:27:15]} 11. h3 {[%clk 1:06:16]} Rb8
{[%clk 1:26:38]} 12. Bg5 {[%clk 0:57:44]} Be7 {[%clk 1:24:54]} 13. Bxf6
{[%clk 0:49:41]} Bxf6 {[%clk 1:25:14]} 14. Nxd5 {[%clk 0:50:00]} Bxb2
{[%clk 1:24:28]} 15. Rad1 {[%clk 0:43:38]} c6 {[%clk 1:13:57]} 16. Ne3
{[%clk 0:42:32]} Qf6 {[%clk 1:11:06]} 17. Qxf6 {[%clk 0:29:56]} Bxf6
{[%clk 1:08:17]} 18. Rb1 {[%clk 0:23:32]} Be6 {[%clk 0:52:58]} 19. Bc4
{[%clk 0:23:59]} Bxc4 {[%clk 0:53:12]} 20. Nxc4 {[%clk 0:24:27]} g6
{[%clk 0:53:29]} 21. Nd6 {[%clk 0:11:37]} Red8 {[%clk 0:52:46]} 22. Ne4
{[%clk 0:11:58]} Be7 {[%clk 0:48:08]} 23. g4 {[%clk 0:11:52]} Rb6
{[%clk 0:39:46]} 24. g5 {[%clk 0:11:09]} h6 {[%clk 0:37:10]} 25. h4
{[%clk 0:09:55]} Rd4 {[%clk 0:35:32]} 26. f3 {[%clk 0:09:25]} hxg5
{[%clk 0:22:52]} 27. hxg5 {[%clk 0:09:38]} Ra4 {[%clk 0:21:09]} 28. Rxb6
{[%clk 0:08:20]} axb6 {[%clk 0:21:02]} 29. Rb1 {[%clk 0:06:33]} Rxa2
{[%clk 0:15:30]} 30. Rxb6 {[%clk 0:03:38]} Rxc2 {[%clk 0:15:53]} 31. Kf1
{[%clk 0:03:54]} Kg7 {[%clk 0:13:12]} 32. Ra6 {[%clk 0:01:41]} Bb4
{[%clk 0:10:26]} 33. Rb6 {[%clk 0:00:46]} Ba3 {[%clk 0:10:42]} 34. Rb7
{[%clk 0:00:37]} Bc5 {[%clk 0:10:12]} 35. Ke1 {[%clk 0:00:33]} Be3
{[%clk 0:08:49]} 36. Nd6 {[%clk 0:00:49]} Bxg5 {[%clk 0:08:25]} 37. Rxf7+
{[%clk 0:01:09]} Kg8 {[%clk 0:07:24]} 38. Rb7 {[%clk 0:00:37]} Bh4+
{[%clk 0:05:22]} 39. Kd1 {[%clk 0:01:05]} Rf2 {[%clk 0:05:33]} 40. Rb3
{[%clk 0:30:57]} Be7 {[%clk 0:35:00]} 41. Nc4 {[%clk 0:20:11]} Bf6
{[%clk 0:30:01]} 42. Nd2 {[%clk 0:18:42]} Bd4 {[%clk 0:27:38]} 43. Ne4
{[%clk 0:13:48]} Ra2 {[%clk 0:26:10]} 44. Rb4 {[%clk 0:13:01]} c5
{[%clk 0:24:55]} 45. Rb5 {[%clk 0:12:12]} Ra3 {[%clk 0:23:10]} 46. Nxc5
{[%clk 0:12:22]} Rxf3 {[%clk 0:22:05]} 47. Ne6 {[%clk 0:10:39]} Bf6
{[%clk 0:20:40]} 48. Ke2 {[%clk 0:11:07]} Ra3 {[%clk 0:20:54]} 49. Nf4
{[%clk 0:07:05]} Kg7 {[%clk 0:19:19]} 50. Rb6 {[%clk 0:07:28]} Ra7
{[%clk 0:16:48]} 51. Kf3 {[%clk 0:07:32]} Kf7 {[%clk 0:17:13]} 52. Kg4
{[%clk 0:04:30]} Ra5 {[%clk 0:17:29]} 53. Rb7+ {[%clk 0:04:37]} Be7
{[%clk 0:17:55]} 54. Kf3 {[%clk 0:03:50]} Re5 {[%clk 0:18:02]} 55. Rd7
{[%clk 0:03:53]} Rf5 {[%clk 0:17:10]} 56. Ke4 {[%clk 0:03:43]} Ke8
{[%clk 0:16:48]} 57. Nxg6 {[%clk 0:02:50]} Kxd7 {[%clk 0:17:13]} 58. Kxf5 1/2-1/2

[Event "SM-gruppen"]
[Site "Örebro"]
[Date "2013.07.12"]
[Round "7"]
[White "Cramling, Pia"]
[Black "Wiedenkeller, Michael"]
[Result "1-0"]
[BlackElo "2475"]
[WhiteElo "2524"]

1. d4 {[%clk 1:30:54]} d5 {[%clk 1:30:35]} 2. Nf3 {[%clk 1:30:57]} Nf6
{[%clk 1:30:56]} 3. c4 {[%clk 1:31:17]} dxc4 {[%clk 1:31:18]} 4. e3
{[%clk 1:31:24]} e6 {[%clk 1:31:41]} 5. Bxc4 {[%clk 1:31:47]} c5 {[%clk 1:32:04]}
6. Qe2 {[%clk 1:24:20]} a6 {[%clk 1:31:11]} 7. dxc5 {[%clk 1:24:16]} Bxc5
{[%clk 1:31:29]} 8. O-O {[%clk 1:24:36]} Nc6 {[%clk 1:28:37]} 9. a3
{[%clk 1:24:04]} b5 {[%clk 1:25:49]} 10. Bd3 {[%clk 1:23:32]} O-O
{[%clk 1:21:45]} 11. Nbd2 {[%clk 1:20:21]} Bd6 {[%clk 1:13:12]} 12. Ne4
{[%clk 0:59:56]} Nxe4 {[%clk 1:11:07]} 13. Bxe4 {[%clk 1:00:18]} Bb7
{[%clk 1:09:54]} 14. Bd2 {[%clk 0:59:33]} Qe7 {[%clk 1:00:21]} 15. Rac1
{[%clk 0:56:02]} Rac8 {[%clk 0:55:14]} 16. Bc3 {[%clk 0:52:27]} b4
{[%clk 0:46:52]} 17. axb4 {[%clk 0:51:40]} Nxb4 {[%clk 0:47:01]} 18. Bxb7
{[%clk 0:49:08]} Qxb7 {[%clk 0:47:23]} 19. Ra1 {[%clk 0:48:10]} Ra8
{[%clk 0:33:18]} 20. Rfd1 {[%clk 0:37:35]} Nd5 {[%clk 0:28:32]} 21. Bd4
{[%clk 0:37:13]} Rfd8 {[%clk 0:27:04]} 22. Ne5 {[%clk 0:30:29]} Bxe5
{[%clk 0:24:38]} 23. Bxe5 {[%clk 0:30:50]} f6 {[%clk 0:24:38]} 24. Bd4
{[%clk 0:30:36]} e5 {[%clk 0:22:31]} 25. Bc5 {[%clk 0:30:41]} Qc6
{[%clk 0:18:10]} 26. Qc4 {[%clk 0:20:24]} Qe6 {[%clk 0:17:53]} 27. h3
{[%clk 0:17:49]} Nc7 {[%clk 0:17:50]} 28. Qe4 {[%clk 0:17:07]} Rd5
{[%clk 0:11:26]} 29. Rxd5 {[%clk 0:17:17]} Qxd5 {[%clk 0:11:14]} 30. Qxd5+
{[%clk 0:17:18]} Nxd5 {[%clk 0:11:43]} 31. Rd1 {[%clk 0:16:30]} Nc7
{[%clk 0:12:01]} 32. Rd6 {[%clk 0:13:58]} Nb5 {[%clk 0:10:23]} 33. Rc6
{[%clk 0:13:40]} Rd8 {[%clk 0:07:50]} 34. g4 {[%clk 0:09:15]} Rd2
{[%clk 0:07:37]} 35. Rxa6 {[%clk 0:08:26]} Rxb2 {[%clk 0:07:01]} 36. Rb6
{[%clk 0:08:46]} e4 {[%clk 0:02:07]} 37. Kg2 {[%clk 0:07:09]} Rb1
{[%clk 0:01:35]} 38. h4 {[%clk 0:04:55]} h6 {[%clk 0:01:45]} 39. Rb7
{[%clk 0:03:28]} Rb3 {[%clk 0:02:10]} 40. Rb6 {[%clk 0:33:00]} Rb1
{[%clk 0:32:20]} 41. Rb8+ {[%clk 0:19:31]} Kf7 {[%clk 0:30:02]} 42. h5
{[%clk 0:18:23]} Rb3 {[%clk 0:29:35]} 43. Rf8+ {[%clk 0:16:54]} Ke6
{[%clk 0:29:58]} 44. Re8+ {[%clk 0:17:17]} Kf7 {[%clk 0:29:45]} 45. Rxe4
{[%clk 0:17:28]} Rc3 {[%clk 0:29:33]} 46. Re7+ {[%clk 0:14:18]} Kf8
{[%clk 0:26:31]} 47. Bb4 {[%clk 0:14:33]} Rb3 {[%clk 0:20:13]} 48. Re4+
{[%clk 0:14:54]} Kf7 {[%clk 0:19:16]} 49. Rc4 {[%clk 0:14:37]} Ke6
{[%clk 0:17:04]} 50. Re4+ {[%clk 0:12:01]} Kf7 {[%clk 0:17:10]} 51. Kf3
{[%clk 0:11:07]} Rd3 {[%clk 0:14:59]} 52. Re7+ {[%clk 0:10:28]} Kg8
{[%clk 0:15:27]} 53. Rb7 {[%clk 0:07:34]} Nc3 {[%clk 0:10:10]} 54. Bc5
{[%clk 0:07:01]} Rd5 {[%clk 0:09:17]} 55. Bd4 {[%clk 0:06:11]} Nb5
{[%clk 0:09:02]} 56. Rb8+ {[%clk 0:05:44]} Kf7 {[%clk 0:09:31]} 57. Ke4
{[%clk 0:05:15]} Rg5 {[%clk 0:08:37]} 58. f3 {[%clk 0:03:59]} f5+
{[%clk 0:05:47]} 59. gxf5 {[%clk 0:04:11]} Nd6+ {[%clk 0:06:14]} 60. Ke5
{[%clk 0:03:09]} Nxf5 {[%clk 0:06:29]} 61. Rb7+ {[%clk 0:03:27]} Kg8
{[%clk 0:04:41]} 62. Ke6 {[%clk 0:03:41]} Rxh5 {[%clk 0:04:57]} 63. Be5
{[%clk 0:03:11]} Rg5 {[%clk 0:05:08]} 64. Bf4 {[%clk 0:03:25]} Rh5
{[%clk 0:05:16]} 65. Be5 {[%clk 0:03:31]} Nxe3 {[%clk 0:03:12]} 66. Rxg7+
{[%clk 0:03:55]} Kf8 {[%clk 0:03:40]} 67. Rc7 {[%clk 0:03:45]} Kg8
{[%clk 0:02:59]} 68. Rc8+ {[%clk 0:04:04]} Kh7 {[%clk 0:03:25]} 69. Rh8+
{[%clk 0:04:24]} Kg6 {[%clk 0:03:43]} 70. Rg8+ {[%clk 0:04:46]} Kh7
{[%clk 0:04:10]} 71. Rg7+ {[%clk 0:05:09]} Kh8 {[%clk 0:04:27]} 72. Rg5+
{[%clk 0:05:34]} 1-0

[Event "SM-gruppen"]
[Site "Örebro"]
[Date "2013.07.12"]
[Round "7"]
[White "Brynell, Stellan"]
[Black "Tikkanen, Hans"]
[Result "1/2-1/2"]
[BlackElo "2528"]
[WhiteElo "2484"]

1. d4 {[%clk 1:30:27]} Nc6 {[%clk 1:30:49]} 2. Nf3 {[%clk 1:29:08]} d6
{[%clk 1:31:06]} 3. e4 {[%clk 1:22:21]} Nf6 {[%clk 1:31:18]} 4. Nc3
{[%clk 1:22:33]} g6 {[%clk 1:31:32]} 5. Be2 {[%clk 1:17:39]} Bg7 {[%clk 1:30:28]}
6. O-O {[%clk 1:18:02]} O-O {[%clk 1:30:48]} 7. Be3 {[%clk 1:06:37]} e5
{[%clk 1:10:44]} 8. dxe5 {[%clk 0:58:57]} Nxe5 {[%clk 1:10:53]} 9. Nxe5
{[%clk 0:58:12]} dxe5 {[%clk 1:11:21]} 10. Qxd8 {[%clk 0:50:51]} Rxd8
{[%clk 1:11:42]} 11. Bc4 {[%clk 0:50:12]} Be6 {[%clk 0:50:53]} 12. Bxe6
{[%clk 0:49:51]} fxe6 {[%clk 0:51:21]} 13. f3 {[%clk 0:39:36]} a6
{[%clk 0:48:54]} 14. Rfd1 {[%clk 0:38:21]} Bf8 {[%clk 0:47:53]} 15. Kf1
{[%clk 0:34:00]} Rd6 {[%clk 0:41:45]} 16. Ke2 {[%clk 0:30:19]} Nd7
{[%clk 0:35:19]} 17. b3 {[%clk 0:22:49]} Kf7 {[%clk 0:23:14]} 18. Na4
{[%clk 0:22:22]} Ke8 {[%clk 0:22:45]} 19. Nb2 {[%clk 0:18:04]} Rc6
{[%clk 0:20:28]} 20. c4 {[%clk 0:18:03]} Bc5 {[%clk 0:18:45]} 21. Bxc5
{[%clk 0:10:21]} Nxc5 {[%clk 0:18:28]} 22. Rd2 {[%clk 0:09:26]} a5
{[%clk 0:16:24]} 23. Rad1 {[%clk 0:09:46]} a4 {[%clk 0:16:01]} 24. b4
{[%clk 0:06:47]} a3 {[%clk 0:15:56]} 25. Nd3 {[%clk 0:06:23]} Nxd3
{[%clk 0:12:38]} 26. Kxd3 {[%clk 0:06:28]} Rd8+ {[%clk 0:10:45]} 27. Kc3
{[%clk 0:06:49]} Rxd2 {[%clk 0:11:14]} 28. Rxd2 {[%clk 0:07:11]} b5
{[%clk 0:11:42]} 29. c5 {[%clk 0:06:18]} Ra6 {[%clk 0:12:09]} 30. Kb3
{[%clk 0:03:58]} Ke7 {[%clk 0:10:56]} 31. Rd1 {[%clk 0:04:16]} h6
{[%clk 0:06:17]} 32. Rd3 {[%clk 0:04:32]} Ke8 {[%clk 0:06:09]} 33. Rc3
{[%clk 0:02:56]} Kd7 {[%clk 0:05:26]} 34. Rd3+ {[%clk 0:03:21]} Ke8
{[%clk 0:05:55]} 35. Rd2 {[%clk 0:03:38]} Ke7 {[%clk 0:06:23]} 36. Rd1
{[%clk 0:02:38]} Ke8 {[%clk 0:06:46]} 37. h4 {[%clk 0:03:00]} Ke7
{[%clk 0:07:04]} 38. Rc1 {[%clk 0:03:09]} Ra8 {[%clk 0:04:41]} 39. Rd1
{[%clk 0:03:22]} Ra6 {[%clk 0:05:02]} 40. Rd3 {[%clk 0:33:36]} Ke8
{[%clk 0:34:38]} 41. Rc3 {[%clk 0:26:05]} Kd7 {[%clk 0:24:59]} 42. Rc2
{[%clk 0:21:45]} Ke7 {[%clk 0:15:28]} 43. c6 {[%clk 0:14:10]} Kd6
{[%clk 0:15:47]} 44. Rc5 {[%clk 0:13:17]} Rb6 {[%clk 0:13:09]} 45. Kxa3
{[%clk 0:11:48]} Rxc6 {[%clk 0:11:11]} 46. Rxb5 {[%clk 0:08:12]} Rc2
{[%clk 0:11:39]} 47. Kb3 {[%clk 0:08:17]} Rxg2 {[%clk 0:12:06]} 48. Rc5
{[%clk 0:08:23]} h5 {[%clk 0:08:27]} 49. a4 {[%clk 0:07:46]} g5 {[%clk 0:08:44]}
50. hxg5 {[%clk 0:07:39]} h4 51. Rc1 {[%clk 0:07:34]} Rxg5 {[%clk 0:08:37]} 52.
Rh1 {[%clk 0:04:24]} Rg3 {[%clk 0:04:05]} 53. Rxh4 {[%clk 0:04:47]} Rxf3+
{[%clk 0:04:32]} 54. Kc4 {[%clk 0:04:59]} Rf4 {[%clk 0:05:01]} 55. Rh1
{[%clk 0:04:33]} Rxe4+ {[%clk 0:05:25]} 56. Kc3 {[%clk 0:04:33]} Kd5
{[%clk 0:04:20]} 57. Rd1+ {[%clk 0:03:56]} Rd4 {[%clk 0:04:36]} 58. Ra1
{[%clk 0:04:22]} e4 {[%clk 0:03:42]} 59. a5 {[%clk 0:04:41]} Rd3+
{[%clk 0:04:08]} 60. Kc2 {[%clk 0:05:07]} Kc4 {[%clk 0:04:06]} 61. a6
{[%clk 0:04:03]} Rd8 {[%clk 0:04:11]} 62. a7 {[%clk 0:03:12]} Ra8
{[%clk 0:04:33]} 63. Ra6 {[%clk 0:03:13]} Kxb4 {[%clk 0:03:20]} 1/2-1/2